000 00651nam a2200241Ia 4500
003 OSt
005 20220918173950.0
006 a|||||r|||| 00| 0
007 ta
008 220917b |||||||| |||| 00| 0 eng d
024 _a9,530
037 _cTextual
040 _aARTS
_cARTS
_beng
041 _2eng
_aeng
082 _a26:3, G3
100 _aBrown Charles Harvey.
_948617
245 0 _aCirculation work in college and university libraries
260 _c1933
650 _aLIBRARY SCIENCE
700 _a Bousfield H G.
_948618
942 _h26:3, G3
_cTEXL
_2CC
999 _c151170
_d151170